000 00996nam a2200289 c 4500
003 BLK
005 20180413133246.0
008 180410b bul|||||r ||||||| ||bul||
010 _aKNG00162119000
020 _a978-954-8365-55-0
_bиздат.: Новата цивилизация
040 _aBLK
041 _aBUL
_cBUL
080 _aБългарска литература
_b821.163.2
_x-1(082.2)
_z821.163.2-1(082.2)
139 _aАнтология Артпиерия
_bА 75
245 1 0 _aАнтология Артпиерия
257 _aBGR
260 София
_bНовата цивилизация
_c2012
_fСофия : ВИНИ 1837
300 _a80 с.
_bс ил.
_c20 см
380 _aX
653 _aстихотворения
653 _aантологии
852 _aЦб 269443
856 4 _qpdf
_u
856 4 _qpdf
_u
942 _cKNG
_n0
944 _aCR
_c18.06.2014
_lф /
_kВиолета_Тройчева
944 _aED
_c10.11.2015
_lф /
_kЛюдмила_Стоянова
999 _c155442
_d155442